載入...

മലയാള തിരക്കഥ : വളര്‍ച്ചയും വര്‍ത്തമാനവും /

書目詳細資料
主要作者: ദിവാകരന്‍, ആര്‍. വി. എം
其他作者: Divakaran, V. M.
格式: Printed Book
語言:English
出版: തിരുവനന്തപുരം : കേരള ഭാഷാ ഇന്‍സ്റ്റിറ്റ്യൂട്ട്, 2014.
版:2nd ed.
主題:
LEADER 00911nam a22001817a 4500
008 180605b xxu||||| |||| 00| 0 eng d
999 |c 23500  |d 23500 
020 |a 9788176388542 
082 |a 791.437507  |b DIV 
100 |a ദിവാകരന്‍, ആര്‍. വി. എം. 
245 |a മലയാള തിരക്കഥ :  |b വളര്‍ച്ചയും വര്‍ത്തമാനവും /  |c വി. എം. ദിവാകരന്‍ 
250 |a 2nd ed. 
260 |a തിരുവനന്തപുരം :  |b കേരള ഭാഷാ ഇന്‍സ്റ്റിറ്റ്യൂട്ട്,  |c 2014. 
300 |a 201p. 
650 |a Screen play 
700 |a Divakaran, V. M. 
942 |2 ddc  |c BK 
952 |0 0  |1 0  |2 ddc  |4 0  |6 791_437507000000000_DIV  |7 0  |9 32272  |a MAIN  |b MAIN  |d 2018-06-05  |e Progress Publications  |g 100.00  |l 7  |m 5  |o 791.437507 DIV  |p 32255  |q 2020-07-01  |r 2020-06-01  |s 2020-06-01  |t 1  |w 2018-06-05  |y BK